000
00258nam a22001217a 4500
082
_a
494
_b
KIS/N
100
_a
KISHORE, B. R
245
_a
NIBHANDH RACHANA
260
_a
DELHI
_b
HINDUSTAN OFF SET PRESS
300
_a
152
650
_a
ESSAY
_z
INDIA
942
_c
BK
999
_c
4432
_d
4432